The Office Trivia: Season 1 Episode 4 Quiz Stats

 Plays Quiz not verified by Sporcle

Score 0/20 Timer 06:00
0 Plays Today
Hint Answer % Correct
Angela turns down this color of said decoration, claiming that it's 'whorish'?Green
93.4%
What office object does Dwight move closer to his desk so more people will hang out by him?Water cooler
86.8%
Not knowing that the donation is per mile, Michael pledges how much money to Oscar's nephew's walkathon?$25
83.3%
Who goes down into the warehouse and has a fake phone conversation to trick Dwight?Pam
82.3%
What flavor cake does Michael tell the Party Planning Committee to get?Mint Chocolate Chip Ice Cream
78.8%
Who wrote 'Let's hope the only downsizing that happens to you is that someone downsizes your age'?Michael
77.1%
What does Dwight hide inside in the warehouse so he can listen in on possible secret conversations about alliances?Cardboard box
75%
What is the current major threat to the office, which prompts Dwight to ask Jim to form an alliance with him?Downsizing
75%
Why can't Meredith eat her own birthday cake?She's lactose intolerant
74.3%
What party decoration does Phyllis suggest having for Meredith's birthday?Streamers
73.6%
Hint Answer % Correct
Who wrote 'Happy Birthday, you're the best'?Pam
71.5%
What medical procedure did Meredith have done, which Dwight suggests to Michael as a possible topic in his birthday message to her?Hysterectomy
68.1%
In Meredith's card, who wrote 'Good news, you're not actually a year older, because you work here, where time stands still'?Stanley
67.7%
Dwight: 'Do you want to form an alliance with me?' Jim:'Absolutely I do'
67.7%
What color does Dwight dye his hair at the end of the episode?Blonde
65.6%
Whose birthday is the same day as the party, but they don't tell anyone except Toby?Ryan
64.9%
How many miles did Oscar's nephew walk in last year's walkathon?18
59.4%
What animal does Meredith's birthday card have on it?A bird (Happy Bird-Day!)
56.9%
When Dwight thinks Jim is getting secret information from Toby & Kevin, what is he really talking to them about?Sandwiches
34.4%
Dwight: 'I'm a deer hunter, I go all the time with my dad. One thing about deer: they have very good vision. One thing about me: I am better at ________ than they are at _________'hiding; vision
26%

You're not logged in!

Compare scores with friends on all Sporcle quizzes.
OR
Log In

Sporcle TV

Today on Sporcle TV


Watch our educational content, quiz creation guides, and fun videos on Sporcle TV.

Show Comments

Extras

Top Quizzes Today


Score Distribution

Your Account Isn't Verified!

In order to create a playlist on Sporcle, you need to verify the email address you used during registration. Go to your Sporcle Settings to finish the process.

Report this User

Report this user for behavior that violates our Community Guidelines.

Details: